"Jeopardy!" "Stupid Answers" Category Clues #5 - Statistics

General Stats
  • This quiz has been taken 167 times
  • The average score is 12 of 25
Answer Stats
Hint Answer % Correct
The Statue of Liberty towers 305 feet from foundation to torch above this island Liberty Island
81%
It's the name of the donkey voiced by Eddie Murphy in the Shrek movies Donkey
76%
The logo of this brand depicts an arm holding a hammer Arm & Hammer
73%
Papua New Guinea occupies the eastern half of this island New Guinea
73%
Founded in 1929 this New York museum is dedicated to modern art Museum of Modern Art
72%
This waltz is the state song of Missouri "Missouri Waltz"
71%
Geneva is the capital of this Swiss canton Geneva
65%
Physician Robert Graves first identified this disease in 1835 Graves' Disease
65%
26 nations united to draw up a Jan. 1 1942 declaration that led the way for the creation of this in 1945 United Nations
61%
Since 1970 the General Synod has governed this church of England Church of England
60%
The government admin. was created in 1971 to ensure occupational health & safety standards Occupational Safety and Health Administration
51%
It's the last name of New Zealand's first Olympic gold medal champion Malcolm Champion
45%
Completes the title of the 1993 Roddy Doyle book Paddy Clarke Ha Ha... Ha
44%
It's the young of a fish whether you bake broil or fry it fry
42%
In 1976 Marcel Marceau had the only spoken line in this otherwise silent movie Silent Movie
37%
The title of the national anthem of Laos Pheng Xat Lao means this in English "National Anthem of Laos"
37%
Geraldine Brooks' book about an illuminated Jewish volume is called People of the this Book
35%
This magazine has been a popular source of science & technology news since its inception in 1872 Popular Science
35%
Masi Oka plays a character with this first name on the TV show Heroes Hiro
31%
Carvings of a bell & a star are featured on her gravestone in Porum Oklahoma Belle Starr
28%
The Prozorov sisters Olga Masha & Irina are 3 of the characters in this play Three Sisters
21%
Young lawyer Mitch McDeere realizes that the mafia controls his law firm in this novel The Firm
19%
Rolling Stone's list of the 100 greatest guitarists includes Robbie Robertson of the band called this The Band
19%
Robert Urich played Las Vegas P.I. Dan Tanna on this series Vega$
19%
In 1985 Neil Simon's Biloxi Blues premiered on Broadway at this theater Neil Simon Theatre
9%
No matching quizzes found
Score Distribution
Percent of People with Each Score
Percentile by Number Answered
Your Score History
You have not taken this quiz